[Event "35t. Copenhagen Open (Politiken Cup)"]
[Site "Elsinore"]
[Date "2013.08.02"]
[Round "8"]
[White "Haldorsen, Benjamin"]
[Black "Christiansen, Jens Jorgen"]
[Result "0-1"]
[WhiteElo "1983"]
[BlackElo "2121"]
[PlyCount "54"]
[EventDate "2013.07.27"]
[EventType "swiss"]
[EventRounds "10"]
[EventCountry "DEN"]
[Source "ChessBase"]
[SourceDate "2013.08.26"]

1. e4 c6 2. d4 d5 3. Nc3 dxe4 4. Nxe4 Nf6 5. Ng3 g6 6. Nf3 Bg4 7. Be2 Bg7 8. h3
Bxf3 9. Bxf3 Nbd7 10. O-O O-O 11. Re1 Re8 12. c3 Qc7 13. Qb3 e5 14. Be3 e4 15.
Be2 Nd5 16. Nf1 f5 17. g3 Kh8 18. c4 Nxe3 19. Qxe3 c5 20. d5 Bxb2 21. Rab1 Bd4
22. Qb3 b6 23. Ne3 f4 24. Nc2 fxg3 25. Nxd4 gxf2+ 26. Kxf2 cxd4 27. Kg2 Nc5 0-1

[Event "35t. Copenhagen Open (Politiken Cup)"]
[Site "Elsinore"]
[Date "2013.08.02"]
[Round "8"]
[White "Hansen, Ib Lynaes"]
[Black "Nielsen, Leo"]
[Result "1-0"]
[WhiteElo "1895"]
[BlackElo "1752"]
[PlyCount "117"]
[EventDate "2013.07.27"]
[EventType "swiss"]
[EventRounds "10"]
[EventCountry "DEN"]
[Source "ChessBase"]
[SourceDate "2013.08.26"]

1. d4 b6 2. e4 Bb7 3. Bd3 d5 4. e5 e6 5. Ne2 c5 6. c3 c4 7. Bc2 Ne7 8. Bg5 h6
9. Bh4 a5 10. O-O b5 11. f4 Qd7 12. Nd2 Nf5 13. Bf2 Nc6 14. Nf3 h5 15. Ng3 g6
16. Bxf5 gxf5 17. Nh4 Be7 18. Nxh5 O-O-O 19. Nf6 Bxf6 20. exf6 Rdg8 21. Nf3 Qd8
22. Bh4 Rg4 23. Bg5 Qg8 24. h3 Rxh3 25. Nh2 Rxg5 26. fxg5 Qxg5 27. Rf3 Rh8 28.
Qe1 Qxf6 29. Ng4 Qd8 30. Ne5 Qc7 31. Rg3 Nd8 32. Rg7 Bc6 33. Qg3 Be8 34. Rg8
Rxg8 35. Qxg8 Qe7 36. Qg3 Nb7 37. Nf3 Nd6 38. Nd2 f6 39. b3 e5 40. a4 f4 41.
Qg4+ Bd7 42. Qg8+ Kc7 43. axb5 exd4 44. Nf1 Nxb5 45. Qxd5 Bc6 46. Qxc4 Qg7 47.
Ra2 Nxc3 48. Rc2 f5 49. Qa6 Qe5 50. Qc4 f3 51. gxf3 Kb6 52. b4 a4 53. Qg8 Qd6
54. Qc4 Bxf3 55. Rd2 a3 56. Rxd4 Qxd4+ 57. Qxd4+ Kb5 58. Qxc3 a2 59. Nd2 1-0

[Event "35t. Copenhagen Open (Politiken Cup)"]
[Site "Elsinore"]
[Date "2013.08.02"]
[Round "8"]
[White "Hansen, Martin Mandrup"]
[Black "Andersen, Dag"]
[Result "0-1"]
[WhiteElo "1537"]
[BlackElo "1860"]
[PlyCount "80"]
[EventDate "2013.07.27"]
[EventType "swiss"]
[EventRounds "10"]
[EventCountry "DEN"]
[Source "ChessBase"]
[SourceDate "2013.08.26"]

1. d4 Nf6 2. c4 c5 3. e3 e6 4. Nc3 cxd4 5. exd4 Be7 6. Nf3 O-O 7. Bd3 d6 8. Bf4
a6 9. O-O Nbd7 10. a4 b6 11. Re1 Bb7 12. Nd2 Rc8 13. Nde4 Qc7 14. Rc1 Qb8 15.
Nxf6+ Nxf6 16. Ne4 Nxe4 17. Bxe4 Bxe4 18. Rxe4 Qb7 19. Re3 b5 20. Qg4 Rfe8 21.
Bh6 g6 22. Rh3 Rxc4 23. Re1 Qd5 24. Be3 Rxa4 25. Qf4 h5 26. g4 g5 27. Qg3 h4
28. Qg2 Qxg2+ 29. Kxg2 Rc8 30. Re2 Rac4 31. f4 gxf4 32. Bxf4 Rxd4 33. Rf2 e5
34. Be3 Rxg4+ 35. Kh1 d5 36. Rhf3 f6 37. h3 Rg6 38. Rg2 Rxg2 39. Kxg2 Rc2+ 40.
Rf2 Rxf2+ 0-1

[Event "35t. Copenhagen Open (Politiken Cup)"]
[Site "Elsinore"]
[Date "2013.08.02"]
[Round "8"]
[White "Hansen, Morten Moller"]
[Black "Bjorn, Lasse E"]
[Result "1/2-1/2"]
[WhiteElo "2126"]
[BlackElo "1810"]
[PlyCount "90"]
[EventDate "2013.07.27"]
[EventType "swiss"]
[EventRounds "10"]
[EventCountry "DEN"]
[Source "ChessBase"]
[SourceDate "2013.08.26"]

1. d4 Nf6 2. c4 c5 3. d5 b5 4. Qc2 d6 5. e4 g6 6. cxb5 Bg7 7. Nc3 O-O 8. Nf3
Nbd7 9. Be2 a6 10. O-O axb5 11. Bxb5 Ba6 12. Bxa6 Rxa6 13. Rb1 Qa8 14. Nd2 e6
15. dxe6 fxe6 16. a3 Rc8 17. b3 Ne5 18. Nc4 Nc6 19. Re1 Nd4 20. Qd3 Nd7 21. a4
d5 22. exd5 exd5 23. Re7 Re8 24. Rxe8+ Qxe8 25. Ne3 Rd6 26. Ba3 Ne5 27. Qd1 Qc6
28. Rc1 Ndf3+ 29. gxf3 d4 30. Ne4 dxe3 31. Qe2 exf2+ 32. Qxf2 Nd3 33. Qf1 Bd4+
34. Kh1 Nxc1 35. Nxd6 Nxb3 36. Qc4+ Kg7 37. Qf7+ Kh6 38. Qf4+ Kg7 39. Qf7+ Kh6
40. Qxb3 Qxd6 41. Bc1+ g5 42. Kg2 Qe5 43. Qd3 Qe1 44. Qf1 Qc3 45. h4 Be3
1/2-1/2

[Event "35t. Copenhagen Open (Politiken Cup)"]
[Site "Elsinore"]
[Date "2013.08.02"]
[Round "8"]
[White "Hansen, Sune Berg"]
[Black "Argandona Riveiro, Inigo"]
[Result "1-0"]
[WhiteElo "2549"]
[BlackElo "2388"]
[PlyCount "91"]
[EventDate "2013.07.27"]
[EventType "swiss"]
[EventRounds "10"]
[EventCountry "DEN"]
[Source "ChessBase"]
[SourceDate "2013.08.26"]

1. d4 g6 2. e4 Bg7 3. Nf3 c6 4. Bd3 d5 5. e5 Bg4 6. Nbd2 e6 7. h3 Bxf3 8. Nxf3
Nd7 9. O-O Ne7 10. c3 c5 11. Rb1 Nc6 12. b4 c4 13. Bc2 b5 14. a4 a6 15. Ra1 Na7
16. Bg5 Qb8 17. Nh2 bxa4 18. Rxa4 Nb5 19. Qd2 h6 20. Bf4 Qb7 21. Rfa1 Nb6 22.
Ra5 Kd7 23. Ng4 h5 24. Nh2 Kc6 25. Nf3 Qc8 26. Ng5 Rf8 27. g3 Kb7 28. Kg2 Qd7
29. Qe1 Rh8 30. h4 Bh6 31. R1a2 Bf8 32. Qa1 Nc7 33. b5 axb5 34. Rxa8 Nbxa8 35.
Ne4 Qc6 36. Nd6+ Kb8 37. Nxf7 Rg8 38. Nd6 Nb6 39. Qb1 Nc8 40. Qb4 Nxd6 41. exd6
Kb7 42. Rb2 Kb6 43. Qc5+ Qxc5 44. dxc5+ Kxc5 45. dxc7 Bg7 46. Ba4 1-0

[Event "35t. Copenhagen Open (Politiken Cup)"]
[Site "Elsinore"]
[Date "2013.08.02"]
[Round "8"]
[White "Heedt, Thorsten"]
[Black "Jensen, Soren Holm"]
[Result "1-0"]
[WhiteElo "2173"]
[BlackElo "2004"]
[PlyCount "113"]
[EventDate "2013.07.27"]
[EventType "swiss"]
[EventRounds "10"]
[EventCountry "DEN"]
[Source "ChessBase"]
[SourceDate "2013.08.26"]

1. d4 d5 2. Nf3 Nf6 3. Bf4 c5 4. Nbd2 Nc6 5. dxc5 Qa5 6. e3 Qxc5 7. Be2 Bg4 8.
O-O e6 9. h3 Bxf3 10. Nxf3 Be7 11. c3 O-O 12. Qa4 a6 13. Rfc1 Rac8 14. Qb3 Qa7
15. Qd1 Rfd8 16. Bd3 Qb6 17. Qe2 h6 18. g4 Nd7 19. c4 Nb4 20. Bb1 dxc4 21. Rxc4
Rxc4 22. Qxc4 Qc6 23. Qxc6 Nxc6 24. Be4 Rc8 25. Rc1 Nc5 26. Bb1 Rd8 27. Ne5
Nxe5 28. Bxe5 b5 29. Bd4 Nd7 30. Kf1 Bf6 31. Bxf6 Nxf6 32. Ke2 Kf8 33. Rc6 Ra8
34. Bd3 Nd5 35. Be4 Ke7 36. Bxd5 exd5 37. Kd3 a5 38. Rc5 Rb8 39. Rxd5 Ke6 40.
e4 f6 41. f4 g5 42. f5+ Ke7 43. Kd4 a4 44. e5 fxe5+ 45. Kxe5 Rb7 46. Rd6 Rc7
47. Rxh6 Rc5+ 48. Ke4 Rc2 49. h4 gxh4 50. g5 Re2+ 51. Kf3 Rxb2 52. Rh7+ Kf8 53.
g6 Rb1 54. Kf4 b4 55. f6 Rf1+ 56. Kg5 Kg8 57. Rb7 1-0

[Event "35t. Copenhagen Open (Politiken Cup)"]
[Site "Elsinore"]
[Date "2013.08.02"]
[Round "8"]
[White "Henninger, Holger"]
[Black "Tallaksen, Henrik G"]
[Result "1/2-1/2"]
[WhiteElo "1759"]
[BlackElo "1725"]
[PlyCount "104"]
[EventDate "2013.07.27"]
[EventType "swiss"]
[EventRounds "10"]
[EventCountry "DEN"]
[Source "ChessBase"]
[SourceDate "2013.08.26"]

1. e4 c5 2. Nf3 Nc6 3. Bb5 e6 4. O-O Nge7 5. Re1 a6 6. Bf1 g6 7. c3 Bg7 8. d4
cxd4 9. cxd4 O-O 10. Nc3 b5 11. a3 Bb7 12. g4 Qc7 13. Bg5 h6 14. Bh4 g5 15. Bg3
Qb6 16. Bd6 Rfe8 17. Bc5 Qc7 18. e5 Nc8 19. Ne4 N6e7 20. Rc1 Bxe4 21. Rxe4 Qb7
22. Nd2 Ng6 23. Re3 Bf8 24. Bg2 Qb8 25. Ne4 Bg7 26. Nd6 Nxd6 27. Bxd6 Qa7 28.
Rc7 Qb6 29. b4 Nf4 30. Bxa8 Rxa8 31. Qf3 Rd8 32. Rc5 Nd5 33. Re1 Bf8 34. Bxf8
Kxf8 35. Qe4 Kg7 36. Rd1 Kg8 37. h4 Kg7 38. Rd3 Nf4 39. Rf3 Rg8 40. Rxf4 gxf4
41. Qxf4 Qd8 42. h5 Kh7 43. Qxf7+ Rg7 44. Qf4 Rg8 45. f3 Qh4 46. Kf1 Qh1+ 47.
Ke2 Qg2+ 48. Kd3 Qb2 49. Qd2 Qxa3+ 50. Qc3 Rf8 51. Ke4 Qa2 52. Qc2 Qa3 1/2-1/2

[Event "35t. Copenhagen Open (Politiken Cup)"]
[Site "Elsinore"]
[Date "2013.08.02"]
[Round "8"]
[White "Henningsen, Lasse"]
[Black "Larsen, Jens Evald"]
[Result "1-0"]
[WhiteElo "1779"]
[BlackElo "1533"]
[PlyCount "77"]
[EventDate "2013.07.27"]
[EventType "swiss"]
[EventRounds "10"]
[EventCountry "DEN"]
[Source "ChessBase"]
[SourceDate "2013.08.26"]

1. e4 e6 2. d4 d5 3. Nc3 dxe4 4. Nxe4 Nd7 5. Nf3 Ndf6 6. Ng3 g6 7. Bd3 Bg7 8.
Qe2 b6 9. Bb5+ Bd7 10. Ne5 Bxb5 11. Qxb5+ Nd7 12. Bg5 f6 13. Nc6 Qc8 14. Bf4
Ne7 15. O-O-O Qb7 16. Nxe7 Kxe7 17. f3 Rab8 18. Rhe1 Kf7 19. Qc4 Rhe8 20. Qxc7
Qxc7 21. Bxc7 Rbc8 22. Bf4 Rc4 23. Ne4 Bf8 24. Nd6+ Bxd6 25. Bxd6 Rc6 26. Bf4
Rc4 27. Rd3 e5 28. Bg3 Rxd4 29. Rxd4 exd4 30. Rxe8 Kxe8 31. Bf2 Ke7 32. Bxd4
Ke6 33. c4 a6 34. b4 f5 35. Kc2 Kd6 36. Bxb6 Kc6 37. Bd4 Nb6 38. Bxb6 Kxb6 39.
a4 1-0

[Event "35t. Copenhagen Open (Politiken Cup)"]
[Site "Elsinore"]
[Date "2013.08.02"]
[Round "8"]
[White "Henriksen, Geir Ivar"]
[Black "Nielsen, Morten"]
[Result "1-0"]
[WhiteElo "2215"]
[BlackElo "1965"]
[PlyCount "49"]
[EventDate "2013.07.27"]
[EventType "swiss"]
[EventRounds "10"]
[EventCountry "DEN"]
[Source "ChessBase"]
[SourceDate "2013.08.26"]

1. c4 Nf6 2. g3 g6 3. Bg2 Bg7 4. Nc3 O-O 5. e4 d6 6. Nge2 Nc6 7. d3 e5 8. O-O
Nd4 9. Nxd4 exd4 10. Ne2 Nd7 11. b4 a5 12. b5 c5 13. bxc6 bxc6 14. Rb1 Ra7 15.
h3 c5 16. Bd2 Bb7 17. g4 f5 18. gxf5 gxf5 19. Ng3 f4 20. Nf5 Qg5 21. h4 Qf6 22.
Bxf4 Ne5 23. Bg5 Qe6 24. f4 Ng6 25. Bh3 1-0

[Event "35t. Copenhagen Open (Politiken Cup)"]
[Site "Elsinore"]
[Date "2013.08.02"]
[Round "8"]
[White "Hinrichs, Jan"]
[Black "Jorgensen, Dennis"]
[Result "1/2-1/2"]
[WhiteElo "2072"]
[BlackElo "2245"]
[PlyCount "62"]
[EventDate "2013.07.27"]
[EventType "swiss"]
[EventRounds "10"]
[EventCountry "DEN"]
[Source "ChessBase"]
[SourceDate "2013.08.26"]

1. e4 c6 2. d4 d5 3. e5 Bf5 4. h4 h5 5. c4 e6 6. Nc3 Ne7 7. cxd5 Nxd5 8. Nxd5
Qxd5 9. Ne2 Nd7 10. Bd2 Nb6 11. Bc3 Be7 12. Ng3 Bg6 13. Be2 O-O-O 14. Bf3 Qd7
15. Nxh5 Nd5 16. g3 Bxh5 17. Bxh5 g5 18. hxg5 Bxg5 19. Bf3 f6 20. Rxh8 Rxh8 21.
Qd3 Qg7 22. Ke2 fxe5 23. Bxd5 cxd5 24. dxe5 Qf7 25. Bd4 Kb8 26. Qa3 b6 27. Qf3
Qh7 28. Qd3 Qh5+ 29. Qf3 Qh7 30. Qd3 Qh5+ 31. Qf3 Qh7 1/2-1/2

[Event "35t. Copenhagen Open (Politiken Cup)"]
[Site "Elsinore"]
[Date "2013.08.02"]
[Round "8"]
[White "Hobber, Anders"]
[Black "Van Kampen, Robin"]
[Result "0-1"]
[WhiteElo "2278"]
[BlackElo "2595"]
[PlyCount "40"]
[EventDate "2013.07.27"]
[EventType "swiss"]
[EventRounds "10"]
[EventCountry "DEN"]
[Source "ChessBase"]
[SourceDate "2013.08.26"]

1. d4 Nf6 2. Nf3 g6 3. Bg5 Bg7 4. Nbd2 c5 5. e3 b6 6. Bd3 Bb7 7. O-O O-O 8. c3
d6 9. e4 cxd4 10. cxd4 h6 11. Bxf6 Bxf6 12. Rc1 Bg7 13. Qc2 Qd7 14. Qb3 Rc8 15.
Rxc8+ Qxc8 16. Nb1 e6 17. Nc3 Nc6 18. Ne2 Qd8 19. Rc1 Rc8 20. h3 Nxd4 0-1

[Event "35t. Copenhagen Open (Politiken Cup)"]
[Site "Elsinore"]
[Date "2013.08.02"]
[Round "8"]
[White "Holm, Kristian Stuvik"]
[Black "Segovia Sanchez, Antonio"]
[Result "1-0"]
[WhiteElo "2255"]
[BlackElo "2059"]
[PlyCount "73"]
[EventDate "2013.07.27"]
[EventType "swiss"]
[EventRounds "10"]
[EventCountry "DEN"]
[Source "ChessBase"]
[SourceDate "2013.08.26"]

1. d4 Nf6 2. c4 e6 3. Nf3 d5 4. Nc3 c6 5. Bg5 Nbd7 6. e3 Qa5 7. Nd2 dxc4 8.
Bxf6 Nxf6 9. Nxc4 Qc7 10. Be2 Be7 11. O-O O-O 12. Rc1 Bd7 13. Bf3 Rfd8 14. Qb3
Rac8 15. Rfd1 Be8 16. e4 c5 17. d5 exd5 18. exd5 b6 19. a4 Qf4 20. Ne2 Qg5 21.
Qc2 Bd6 22. b3 h5 23. Qd3 g6 24. Qc3 Rc7 25. h3 Rcd7 26. a5 Bc7 27. axb6 axb6
28. Ne3 Be5 29. Qc4 Bc7 30. h4 Qe5 31. g3 Re7 32. Nf4 Ne4 33. Nxg6 fxg6 34. d6+
Re6 35. dxc7 Rc8 36. Rd8 Rxc7 37. Rxe8+ 1-0

[Event "35t. Copenhagen Open (Politiken Cup)"]
[Site "Elsinore"]
[Date "2013.08.02"]
[Round "8"]
[White "Hyldkrog, Lars"]
[Black "Borg, Flemming"]
[Result "0-1"]
[WhiteElo "2009"]
[BlackElo "1855"]
[PlyCount "108"]
[EventDate "2013.07.27"]
[EventType "swiss"]
[EventRounds "10"]
[EventCountry "DEN"]
[Source "ChessBase"]
[SourceDate "2013.08.26"]

1. e4 d5 2. exd5 Qxd5 3. Nc3 Qa5 4. d4 Nf6 5. Nf3 c6 6. Bc4 Bf5 7. Bd2 e6 8.
Qe2 Bb4 9. O-O-O Nd5 10. Nxd5 Bxd2+ 11. Nxd2 cxd5 12. Bb5+ Nc6 13. g4 Bg6 14.
f4 O-O 15. Bxc6 bxc6 16. a3 Rab8 17. h4 h6 18. h5 Bh7 19. Qe3 Qa4 20. Nb3 Qc4
21. Rd2 Rb5 22. Rh3 Rfb8 23. Qc3 Qf1+ 24. Rd1 Qxf4+ 25. Qd2 Qxd2+ 26. Kxd2 a5
27. a4 Rb4 28. Ra1 c5 29. dxc5 Rxg4 30. Nxa5 Rxb2 31. Rb3 Rg2+ 32. Ke3 Rgxc2
33. Rxb2 Rxb2 34. Rc1 Rc2 35. Rxc2 Bxc2 36. c6 Bxa4 37. c7 Bd7 38. Nc6 Kf8 39.
Na7 e5 40. c8=Q+ Bxc8 41. Nxc8 f5 42. Nd6 f4+ 43. Kf3 Ke7 44. Nb5 Kf6 45. Nc7
Kg5 46. Nxd5 Kxh5 47. Ke4 Kg4 48. Kxe5 f3 49. Ne3+ Kg3 50. Kf5 f2 51. Kg6 Kf3
52. Nf1 Kg2 53. Ne3+ Kg1 54. Kxg7 h5 0-1

[Event "35t. Copenhagen Open (Politiken Cup)"]
[Site "Elsinore"]
[Date "2013.08.02"]
[Round "8"]
[White "Jensen, Ib"]
[Black "Bue, Gunnar"]
[Result "1-0"]
[WhiteElo "1977"]
[BlackElo "1654"]
[PlyCount "55"]
[EventDate "2013.07.27"]
[EventType "swiss"]
[EventRounds "10"]
[EventCountry "DEN"]
[Source "ChessBase"]
[SourceDate "2013.08.26"]

1. d4 Nf6 2. Nf3 g6 3. Bg5 Bg7 4. c3 h6 5. Bh4 g5 6. Bg3 d6 7. Nbd2 Nh5 8. e3
Bg4 9. Qb3 Nxg3 10. hxg3 b6 11. Bd3 Nd7 12. Nh2 Be6 13. Qc2 Nf6 14. Ne4 Nxe4
15. Bb5+ Bd7 16. Bxd7+ Qxd7 17. Qxe4 O-O 18. f4 f5 19. Qc2 g4 20. O-O-O a5 21.
e4 h5 22. Nf1 a4 23. Rxh5 b5 24. Ne3 Qe6 25. Nxf5 Rxf5 26. Rxf5 Qxa2 27. Rxb5
a3 28. bxa3 1-0

[Event "35t. Copenhagen Open (Politiken Cup)"]
[Site "Elsinore"]
[Date "2013.08.02"]
[Round "8"]
[White "Jensen, Tobias Ilsoe"]
[Black "Mihajlov, Sebastian"]
[Result "0-1"]
[WhiteElo "1954"]
[BlackElo "2138"]
[PlyCount "90"]
[EventDate "2013.07.27"]
[EventType "swiss"]
[EventRounds "10"]
[EventCountry "DEN"]
[Source "ChessBase"]
[SourceDate "2013.08.26"]

1. d4 d5 2. c4 c6 3. Nc3 Nf6 4. cxd5 cxd5 5. Bf4 Nc6 6. e3 a6 7. Bd3 Bg4 8.
Nge2 e6 9. O-O Be7 10. f3 Bh5 11. Rc1 O-O 12. a3 Bg6 13. Na4 Nd7 14. b4 Rc8 15.
Nc5 Nxc5 16. bxc5 Bxd3 17. Qxd3 Na5 18. Rb1 Qd7 19. Nc3 Nc4 20. Rb3 Na5 21. Rb4
b5 22. Rfb1 Nc6 23. R4b3 Bf6 24. Bg3 Rfd8 25. Ne2 Qa7 26. a4 bxa4 27. Rb7 Qa8
28. R7b6 Rd7 29. Rxa6 Ra7 30. Rxa7 Qxa7 31. Rb6 Qd7 32. Qb5 Qe8 33. Qxa4 e5 34.
dxe5 Be7 35. Qb5 h5 36. Nc3 Qd7 37. Ne2 h4 38. Be1 Qc7 39. Nd4 Na7 40. Qa6 Qxe5
41. Qxa7 Qxe3+ 42. Kf1 Bxc5 43. Qa6 Re8 44. Ne2 Bxb6 45. Bf2 Qxf2# 0-1

[Event "35t. Copenhagen Open (Politiken Cup)"]
[Site "Elsinore"]
[Date "2013.08.02"]
[Round "8"]
[White "Justinussen, Sigurd B"]
[Black "Schmied, Andreas"]
[Result "1/2-1/2"]
[WhiteElo "1970"]
[BlackElo "2063"]
[PlyCount "70"]
[EventDate "2013.07.27"]
[EventType "swiss"]
[EventRounds "10"]
[EventCountry "DEN"]
[Source "ChessBase"]
[SourceDate "2013.08.26"]

1. e4 e5 2. Bc4 Nf6 3. d3 Nc6 4. Nf3 Bc5 5. O-O d6 6. c3 a6 7. d4 Ba7 8. dxe5
dxe5 9. Qe2 Bg4 10. Bg5 Qe7 11. Rd1 h6 12. Bh4 g5 13. Bg3 Nh5 14. Bd5 Nd8 15.
Nbd2 Nf4 16. Bxf4 gxf4 17. Kh1 c6 18. Bc4 Ne6 19. Bxe6 Qxe6 20. b3 O-O 21. Nc4
Rad8 22. Nb2 Bb6 23. Nc4 Bc7 24. Rxd8 Rxd8 25. Rd1 Rxd1+ 26. Qxd1 b5 27. Nb2
Qd6 28. Qe2 a5 29. h3 Bh5 30. Nd3 a4 31. Nb4 axb3 32. axb3 Ba5 33. Na2 Bb6 34.
Nb4 Ba5 35. Na2 Bb6 1/2-1/2

[Event "35t. Copenhagen Open (Politiken Cup)"]
[Site "Elsinore"]
[Date "2013.08.02"]
[Round "8"]
[White "Klings, Peter"]
[Black "Rosenkilde, Alexander"]
[Result "1/2-1/2"]
[WhiteElo "2167"]
[BlackElo "2260"]
[PlyCount "54"]
[EventDate "2013.07.27"]
[EventType "swiss"]
[EventRounds "10"]
[EventCountry "DEN"]
[Source "ChessBase"]
[SourceDate "2013.08.26"]

1. g3 d5 2. Bg2 Nf6 3. c4 e6 4. Nf3 Be7 5. O-O O-O 6. b3 d4 7. d3 c5 8. e3 Nc6
9. Re1 Ne8 10. exd4 cxd4 11. Ne5 Nxe5 12. Rxe5 f6 13. Re1 e5 14. a3 a5 15. Nd2
Qc7 16. Bd5+ Kh8 17. Ne4 Bf5 18. f4 Nd6 19. Nf2 Nc8 20. Qh5 Bg6 21. Qe2 Bd6 22.
Ne4 Nb6 23. Be6 Qe7 24. f5 Be8 25. g4 g5 26. h4 h6 27. Qf3 Bc6 1/2-1/2

[Event "35t. Copenhagen Open (Politiken Cup)"]
[Site "Elsinore"]
[Date "2013.08.02"]
[Round "8"]
[White "Kristensen, Lars Ostergaard"]
[Black "Nordin, Eric"]
[Result "0-1"]
[WhiteElo "1666"]
[BlackElo "1874"]
[PlyCount "64"]
[EventDate "2013.07.27"]
[EventType "swiss"]
[EventRounds "10"]
[EventCountry "DEN"]
[Source "ChessBase"]
[SourceDate "2013.08.26"]

1. d4 d6 2. c4 g6 3. Nc3 Bg7 4. e4 Nd7 5. Nf3 e5 6. Be2 Ne7 7. Be3 O-O 8. Qd2
exd4 9. Bxd4 Ne5 10. Rd1 N7c6 11. Be3 Be6 12. Nd5 Bg4 13. Bg5 f6 14. Bh6 Nxf3+
15. Bxf3 Bxf3 16. gxf3 Ne5 17. Ke2 Nxc4 18. Qc1 Bxh6 19. Qxh6 Ne5 20. Rhg1 c6
21. Nf4 Qe7 22. Rg3 Rf7 23. Rdg1 Qf8 24. Qh3 Re8 25. Qg2 Qh6 26. Nxg6 Nxg6 27.
f4 Rg7 28. Kf1 Qxf4 29. f3 Qc1+ 30. Kf2 Qxb2+ 31. Ke3 Qa3+ 32. Kd4 Qc5+ 0-1

[Event "35t. Copenhagen Open (Politiken Cup)"]
[Site "Elsinore"]
[Date "2013.08.02"]
[Round "8"]
[White "Kunin, Vitaly"]
[Black "Halkias, Stelios"]
[Result "1/2-1/2"]
[WhiteElo "2502"]
[BlackElo "2565"]
[PlyCount "50"]
[EventDate "2013.07.27"]
[EventType "swiss"]
[EventRounds "10"]
[EventCountry "DEN"]
[Source "ChessBase"]
[SourceDate "2013.08.26"]

1. Nf3 Nf6 2. g3 d5 3. Bg2 c6 4. O-O Bg4 5. d4 e6 6. Nbd2 Be7 7. Re1 O-O 8. e4
h6 9. c3 Bh5 10. h3 Nbd7 11. e5 Nh7 12. Nb3 a5 13. Be3 Ng5 14. g4 Nxf3+ 15.
Qxf3 Bg6 16. Qe2 a4 17. Nd2 Qb6 18. Nf1 Qa6 19. f4 Qxe2 20. Rxe2 b5 21. a3 Nb6
22. Rd1 Nc4 23. Bc1 Rfd8 24. Ng3 Bh4 25. Kh2 Rac8 1/2-1/2

[Event "35t. Copenhagen Open (Politiken Cup)"]
[Site "Elsinore"]
[Date "2013.08.02"]
[Round "8"]
[White "Kyrkjebo, Hanna Bakken"]
[Black "Norlander, Svante"]
[Result "1-0"]
[WhiteElo "1577"]
[BlackElo "1796"]
[PlyCount "85"]
[EventDate "2013.07.27"]
[EventType "swiss"]
[EventRounds "10"]
[EventCountry "DEN"]
[Source "ChessBase"]
[SourceDate "2013.08.26"]

1. e4 c6 2. d4 d5 3. e5 c5 4. dxc5 Nc6 5. Bb5 Qa5+ 6. Nc3 e6 7. Be3 Bd7 8. Bxc6
Bxc6 9. Qd4 Ne7 10. b4 Qc7 11. Nf3 Nf5 12. Qg4 h5 13. Qf4 g6 14. b5 Bxb5 15.
Qb4 Bc6 16. O-O Bg7 17. Nb5 Bxb5 18. Qxb5+ Qd7 19. Qd3 O-O 20. Rab1 Rab8 21.
Rfd1 Rfc8 22. c4 Nxe3 23. Qxe3 Qc6 24. cxd5 exd5 25. Rbc1 Re8 26. Qd4 Rbd8 27.
Re1 Qe6 28. Qb2 Qa6 29. Rcd1 Re7 30. Qb3 Qc6 31. Qa3 b5 32. Nd4 Qe8 33. Qa5 Rc8
34. Nxb5 Rxc5 35. a4 Bxe5 36. Qb4 Rc4 37. Qb1 Rxa4 38. Rxd5 Bxh2+ 39. Kf1 Rxe1+
40. Qxe1 Qxe1+ 41. Kxe1 a6 42. Nc3 Bc7 43. Nxa4 1-0

[Event "35t. Copenhagen Open (Politiken Cup)"]
[Site "Elsinore"]
[Date "2013.08.02"]
[Round "8"]
[White "Kyrkjebo, Marte Bakken"]
[Black "Molvig, Julius"]
[Result "0-1"]
[WhiteElo "1641"]
[BlackElo "1889"]
[PlyCount "98"]
[EventDate "2013.07.27"]
[EventType "swiss"]
[EventRounds "10"]
[EventCountry "DEN"]
[Source "ChessBase"]
[SourceDate "2013.08.26"]

1. e4 c5 2. Nc3 e6 3. g3 Nc6 4. Bg2 g6 5. d3 Bg7 6. Be3 d6 7. Qd2 Nd4 8. Nd1
Rb8 9. c3 Nc6 10. f4 Nge7 11. Nf3 O-O 12. O-O b5 13. g4 f5 14. gxf5 exf5 15.
Nf2 b4 16. c4 a5 17. Rab1 a4 18. e5 dxe5 19. Bxc5 Re8 20. fxe5 Nxe5 21. Bxb4
N7c6 22. Bc3 Nxf3+ 23. Bxf3 Nd4 24. Bd5+ Qxd5 25. cxd5 Nf3+ 26. Kg2 Nxd2 27.
Bxd2 Bb7 28. a3 Bxd5+ 29. Kg1 Rxb2 30. Rxb2 Bxb2 31. Bb4 Re2 32. h3 Bd4 33. Be1
Ra2 34. Bb4 Kf7 35. Bd6 Kf6 36. Bb4 g5 37. Bd6 g4 38. hxg4 fxg4 39. Bg3 Rxa3
40. Kh2 Ra2 41. Bh4+ Kf5 42. Bg3 Rb2 43. Kg1 a3 44. Rc1 a2 45. Ra1 Rb1+ 46.
Rxb1 axb1=Q+ 47. Kh2 Bxf2 48. Bxf2 Qh1+ 49. Kg3 Qh3# 0-1

[Event "35t. Copenhagen Open (Politiken Cup)"]
[Site "Elsinore"]
[Date "2013.08.02"]
[Round "8"]
[White "Larsen, Karsten"]
[Black "Andersen, Mads"]
[Result "0-1"]
[WhiteElo "2270"]
[BlackElo "2477"]
[PlyCount "68"]
[EventDate "2013.07.27"]
[EventType "swiss"]
[EventRounds "10"]
[EventCountry "DEN"]
[Source "ChessBase"]
[SourceDate "2013.08.26"]

1. e4 c5 2. Nf3 e6 3. Nc3 Nc6 4. g3 d5 5. Bg2 Nf6 6. d3 Be7 7. O-O O-O 8. e5
Nd7 9. Re1 Rb8 10. a4 a6 11. h4 b5 12. axb5 axb5 13. Bf4 b4 14. Nb1 Bb7 15.
Nbd2 Ra8 16. Rb1 Ra2 17. Nf1 Re8 18. N1h2 Bf8 19. Ng5 h6 20. Ngf3 Nb6 21. Ng4
Nd7 22. Qd2 Kh7 23. Kh2 Qb6 24. Rh1 Nd4 25. Ng5+ Kg8 26. Qd1 Qd8 27. Nxf7 Kxf7
28. Nxh6+ gxh6 29. Qh5+ Kg8 30. Qg6+ Bg7 31. Bxh6 Re7 32. Rhe1 Qf8 33. c3 bxc3
34. bxc3 Qxf2 0-1

[Event "35t. Copenhagen Open (Politiken Cup)"]
[Site "Elsinore"]
[Date "2013.08.02"]
[Round "8"]
[White "Larsen, Ulrik"]
[Black "Madison, Sigurd"]
[Result "1-0"]
[WhiteElo "1992"]
[BlackElo "1792"]
[PlyCount "81"]
[EventDate "2013.07.27"]
[EventType "swiss"]
[EventRounds "10"]
[EventCountry "DEN"]
[Source "ChessBase"]
[SourceDate "2013.08.26"]

1. e4 e5 2. Nf3 Nc6 3. Bb5 a6 4. Bxc6 dxc6 5. O-O Bg4 6. h3 h5 7. d3 Bd6 8. Be3
Be6 9. Nbd2 Qf6 10. d4 exd4 11. Nxd4 O-O-O 12. N2f3 Ne7 13. e5 Bxe5 14. Bg5
Bxd4 15. Bxf6 Bxf2+ 16. Rxf2 Rxd1+ 17. Rxd1 gxf6 18. Rfd2 Bd5 19. Nd4 Rg8 20.
Rf1 Rg6 21. Re1 Ng8 22. Nf5 b5 23. a4 b4 24. a5 Kb7 25. Rf1 Be6 26. Rd4 c5 27.
Rd8 Rg5 28. Ne3 Bxh3 29. Rd5 Be6 30. Rd2 Kc6 31. c4 f5 32. Nd5 Bxd5 33. Rxd5
Nh6 34. Re1 Ng4 35. Re7 f6 36. Re6+ Kb7 37. Rxc5 h4 38. Re7 f4 39. Rexc7+ Kb8
40. Rc8+ Kb7 41. R5c7# 1-0

[Event "35t. Copenhagen Open (Politiken Cup)"]
[Site "Elsinore"]
[Date "2013.08.02"]
[Round "8"]
[White "Larsen, Ulrik Jejlskov"]
[Black "Green, Per"]
[Result "0-1"]
[WhiteElo "1700"]
[BlackElo "1967"]
[PlyCount "56"]
[EventDate "2013.07.27"]
[EventType "swiss"]
[EventRounds "10"]
[EventCountry "DEN"]
[Source "ChessBase"]
[SourceDate "2013.08.26"]

1. d4 Nf6 2. Nf3 e6 3. e3 b6 4. Bd3 Bb7 5. Nbd2 d5 6. Qe2 c5 7. c3 Nc6 8. O-O
Be7 9. dxc5 Bxc5 10. e4 Qc7 11. e5 Ng4 12. Bb5 O-O 13. Bxc6 Bxc6 14. Nb3 f6 15.
Nbd4 Bd7 16. Bf4 fxe5 17. Bxe5 Nxe5 18. Nxe5 Rae8 19. Rae1 Rf6 20. f4 Bc8 21.
Qg4 Ref8 22. Re3 Ba6 23. Rfe1 Bc8 24. Rf3 Bd6 25. Ree3 a6 26. Ndc6 Bc5 27. Nd4
Bxd4 28. cxd4 Qc1+ 0-1